| 000 | 01049nam a22002777a 4500 | ||
|---|---|---|---|
| 999 |
_c112636 _d112636 |
||
| 003 | dpl | ||
| 005 | 20190226104102.0 | ||
| 008 | 190226b ||||| |||| 00| 0 eng d | ||
| 010 | _aB-146004 | ||
| 020 |
_c00.00 _a8121610508 |
||
| 035 | _aB-146004, B-146011 | ||
| 037 | _bCen Lib/Ret | ||
| 040 |
_aDPL _bHN _c0 |
||
| 082 |
_a808.882 _bजैनसु |
||
| 100 |
_aजैन, सुनीता _943260 |
||
| 245 |
_aशब्दकाया / _cसुनीता जैन |
||
| 246 |
_aShabdkaaya / _bby Sunita Jain |
||
| 260 |
_aनोएडा _bसरस्वती विहार _c2005 |
||
| 270 |
_aबी-13, सेक्टर-81, फेज-II _bउत्तर प्रदेश _e201305 |
||
| 300 |
_a113पृ. _c21सेमी (सजिल्द) |
||
| 650 |
_aहिन्दी -- साहित्य _948514 |
||
| 650 |
_aहिन्दी -- कहानी _9779 |
||
| 650 |
_aHindi - literature _948515 |
||
| 650 |
_aHindi - story _943117 |
||
| 942 |
_2ddc _cHN _h808.882 _mजैनसु |
||